Rahsia kejayaan dan kecemerlangan diri

Bibliographic Details
Main Author: Abdul Aziz bin Azimullah, Dr
Format: Book
Published: Kuala Lumpur : Entrepreneurs development institute , 19--
Subjects:

MARC

LEADER 00000cam a2200000 7i4500
001 0000041328
005 20080314.0
020 |a 9839913123 
090 0 0 |a 153.1534   |b ABD 
100 0 |a Abdul Aziz bin Azimullah, Dr, 
245 1 0 |a Rahsia kejayaan dan kecemerlangan diri   |c Dr. Abdul Aziz bin Azimullah 
260 |a Kuala Lumpur :   |b Entrepreneurs development institute ,   |c 19-- 
300 |a 104 p. ;   |c 21 cm. 
650 0 0 |a Motivation (Psychology) 
650 0 0 |a Motivation (Psychology) in adolescence 
999 |a 00095421   |b BUKU   |c PINJAMAN   |e PERPUSTAKAAN KOMUNITI PETALING JAYA 
999 |a 00095422   |b BUKU   |c PINJAMAN   |e PERPUSTAKAAN KOMUNITI PETALING JAYA 
999 |a 00095423   |b BUKU   |c PINJAMAN   |e PERPUSTAKAAN KOMUNITI PETALING JAYA